| 000 -LEADER |
| fixed length control field |
00899cam a22002294a 4500 |
| 020 ## - INTERNATIONAL STANDARD BOOK NUMBER |
| ISBN |
9789812304032 (pbk.) |
| 020 ## - INTERNATIONAL STANDARD BOOK NUMBER |
| ISBN |
9812304037 (pbk.) |
| 020 ## - INTERNATIONAL STANDARD BOOK NUMBER |
| ISBN |
9789812304124 (hard) |
| 040 ## - CATALOGING SOURCE |
| Transcribing agency |
HUA |
| 082 ## - DEWEY DECIMAL CLASSIFICATION NUMBER |
| Classification number |
307 INT 2007 A072 Co. |
| 245 00 - TITLE STATEMENT |
| Title |
Reasserting the rural development agenda : |
| Remainder of title |
lessons learned and emerging challenges in Asia / |
| 260 ## - PUBLICATION, DISTRIBUTION, ETC. (IMPRINT) |
| Place of publication |
College, Los Baños, Laguna, Philippines : |
| Name of publisher |
Southeast Asian Regional Center for Graduate Study and Research in Agriculture ; |
| Place of publication |
Singapore : |
| Name of publisher |
Institute of Southeast Asian Studies, |
| Year of publication |
2007. |
| 300 ## - PHYSICAL DESCRIPTION |
| Number of Pages |
xx, 414 p. : |
| Other physical details |
ill. ; |
| Dimensions |
24 cm. |
| 650 #0 - SUBJECT ADDED ENTRY--TOPICAL TERM |
| Topical Term |
Rural development |
| 650 #0 - SUBJECT ADDED ENTRY--TOPICAL TERM |
| Topical Term |
Agriculture |
| 650 #0 - SUBJECT ADDED ENTRY--TOPICAL TERM |
| Topical Term |
Rural poor |
| 700 1# - ADDED ENTRY--PERSONAL NAME |
| Personal name |
Balisacan, A. M. |
| 700 1# - ADDED ENTRY--PERSONAL NAME |
| Personal name |
Fuwa, Nobuhiko. |
| 710 2# - ADDED ENTRY--CORPORATE NAME |
| Corporate name or jurisdiction name as entry element |
Southeast Asian Regional Centre for Graduate Study and Research in Agriculture. |
| 710 2# - ADDED ENTRY--CORPORATE NAME |
| Corporate name or jurisdiction name as entry element |
Institute of Southeast Asian Studies. |
| 942 ## - ADDED ENTRY ELEMENTS (KOHA) |
| Koha item type |
សៀវភៅភាសាអង់គ្លេស |
| 952 ## - LOCATION AND ITEM INFORMATION (KOHA) |
| Withdrawn status [LOCAL, KOHA] |
0 |